English Law (Record no. 671423)

MARC details
000 -LEADER
fixed length control field 00335nam a2200145Ia 4500
008 - FIXED-LENGTH DATA ELEMENTS--GENERAL INFORMATION
fixed length control field 230717s9999 xx 000 0 und d
020 ## - INTERNATIONAL STANDARD BOOK NUMBER
International Standard Book Number 0-273-61461-4
041 ## - LANGUAGE CODE
Language code of text/sound track or separate title eng
082 ## - DEWEY DECIMAL CLASSIFICATION NUMBER
Classification number 340.5
Item number KEE
100 ## - MAIN ENTRY--PERSONAL NAME
Personal name Keenan D
245 ## - TITLE STATEMENT
Title English Law
250 ## - EDITION STATEMENT
Edition statement 11ed.
260 ## - PUBLICATION, DISTRIBUTION, ETC.
Place of publication, distribution, etc. London
Name of publisher, distributor, etc. Pitman Publishing
Date of publication, distribution, etc. 1995
700 ## - ADDED ENTRY--PERSONAL NAME
Personal name Smith,
Holdings
Withdrawn status Lost status Damaged status Not for loan Collection Home library Current library Shelving location Date acquired Cost, normal purchase price Total Checkouts Full call number Barcode Date last seen Price effective from Koha item type
Withdrawn       NLP LL.B New Law College, Pune New Law College, Pune NLP-Rack No-2 31/03/1999 395.00   340.5 KEE NLP-N04756 17/07/2023 17/07/2023 Book